| 000 | 01005nam a2200265 i 4500 | ||
|---|---|---|---|
| 001 | 187441 | ||
| 003 | SpMaBN | ||
| 005 | 20230906222927.0 | ||
| 008 | 170704s1992 pe b z |||| | spa d | ||
| 080 | _a341.222(85)(094.2) | ||
| 080 | _a341.222(866)(094.2) | ||
| 245 | 0 | 0 | _aDocumentos básicos sobre el Protocolo de Río de Janeiro de 1942 y su ejecución. |
| 250 | _a5ª ed. | ||
| 260 |
_aLima : _bBanco Central de Reserva del Perú, _c1992. |
||
| 300 |
_a100 p., [3] h. de mapas col. y n. ; _c24 cm. |
||
| 594 | _aEn cub.: Ministerio de Relaciones Exteriores del Perú. | ||
| 651 | 7 |
_aPerú- _xFronteras- _vTratados, convenios, etc. _9226212 |
|
| 651 | 7 |
_aEcuador- _xFronteras- _vTratados, convenios, etc. _9163354 |
|
| 651 | 4 |
_aPerú- _xFronteras- _zEcuador. _99222 |
|
| 651 | 4 |
_aEcuador- _xFronteras- _zPerú. _98133 |
|
| 710 | 1 |
_aPerú. _bMinisterio de Relaciones Exteriores. _9134753 |
|
| 710 | 2 |
_aBanco Central de Reserva del Perú. _92093 |
|
| 852 |
_aES-MaACL _jL-31773 |
||
| 999 |
_c187441 _d187441 |
||